A Dictionary of law / (Record no. 17367)

MARC details
000 -LEADER
fixed length control field 00804cam a22002532 4500
001 - CONTROL NUMBER
control field 0000009092
003 - CONTROL NUMBER IDENTIFIER
control field OSt
005 - DATE AND TIME OF LATEST TRANSACTION
control field 20190115111021.0
008 - FIXED-LENGTH DATA ELEMENTS--GENERAL INFORMATION
fixed length control field 080902s xx 000 0 eng d
020 ## - INTERNATIONAL STANDARD BOOK NUMBER
International Standard Book Number 0199669868
040 ## - CATALOGING SOURCE
Original cataloging agency KABU
Transcribing agency KABU
050 ## - LIBRARY OF CONGRESS CALL NUMBER
Classification number KD313
Item number .D53 2009 c. 1
245 12 - TITLE STATEMENT
Title A Dictionary of law /
Statement of responsibility, etc. edited by Jonathan Law
250 ## - EDITION STATEMENT
Edition statement 7th ed.
260 ## - PUBLICATION, DISTRIBUTION, ETC. (IMPRINT)
Place of publication, distribution, etc. Oxford :
Name of publisher, distributor, etc. O.U.P.,
Date of publication, distribution, etc. 2009
300 ## - PHYSICAL DESCRIPTION
Extent 595p.
650 #0 - SUBJECT ADDED ENTRY--TOPICAL TERM
Topical term or geographic name as entry element Law
Form subdivision Dictionaries
700 1# - ADDED ENTRY--PERSONAL NAME
Personal name Law, Jonathan
908 ## - PUT COMMAND PARAMETER (RLIN)
Put command parameter 080902
942 ## - ADDED ENTRY ELEMENTS (KOHA)
Source of classification or shelving scheme Library of Congress Classification
Koha item type General Collection
Edition 7th ed.
Classification part KD313
Item part .D53 2009 c. 1
Holdings
Withdrawn status Lost status Source of classification or shelving scheme Not for loan Home library Current library Date acquired Total Checkouts Full call number Barcode Date last seen Price effective from Koha item type
    Library of Congress Classification   Kabarak, Main Campus Kabarak, Main Campus 15/01/2019   KD313 .D53 2009 c. 1 024623 15/01/2019 15/01/2019 Reference
Designed with assistance from East African Informatics Ltd